Κοινοτιστές και γεωγραφικός χώρος : η περίπτωση στο Νιοχώρι Λευκάδας : πτυχιακή εργασία

Αποθηκεύτηκε σε:
Λεπτομέρειες βιβλιογραφικής εγγραφής
Κύριος συγγραφέας: Ξηρουχάκης, Παναγιώτης
Συγγραφή απο Οργανισμό/Αρχή: Πανεπιστήμιο Αιγαίου. Σχολή Κοινωνικών Επιστημών. Τμήμα Γεωγραφίας
Άλλοι συγγραφείς: Κουρλιούρος, Ηλίας (Εισηγητής διατριβής)
Μορφή: Thesis Βιβλίο
Γλώσσα:Greek
Δημοσίευση: Μυτιλήνη : Πανεπιστήμιο Αιγαίου, Τμήμα Γεωγραφίας, 2002
Θέματα:
Ετικέτες: Προσθήκη ετικέτας
Δεν υπάρχουν, Καταχωρήστε ετικέτα πρώτοι!

MARC

LEADER 00000cam a2200000 i 4500
001 1/89396
008 051118s2002 gre d
035 |l 10081316 
040 |a GR-MY-UA  |b gre  |e aacr 
041 0 |a gre 
082 0 |a 307.77  |2 (22) 
100 1 |a Ξηρουχάκης, Παναγιώτης. 
245 1 0 |a Κοινοτιστές και γεωγραφικός χώρος :  |b η περίπτωση στο Νιοχώρι Λευκάδας : πτυχιακή εργασία /  |c Παναγιώτης Ξηρουχάκης ; υπεύθυνος καθηγητής Ηλίας Κουρλιούρος 
260 |a Μυτιλήνη :   |b Πανεπιστήμιο Αιγαίου, Τμήμα Γεωγραφίας,   |c 2002 
300 |a 64 σ.;  |b φωτ., χάρτες;  |c 30 εκ. 
502 # # |a Πτυχιακή εργασία – Πανεπιστήμιο Αιγαίου, Λέσβος, 2001. 
504 |a Βιβλιογραφία: σ. 62 
650 0 0 |a Communitarianism. 
650 0 0 |a Collective settlements. 
650 0 0 |a Collective settlements  |z Greece. 
650 0 0 |a Communal living. 
650 0 0 |a Socialist ethics. 
650 0 0 |a Communism and society. 
650 0 0 |a Dissertations, Academic  |z Greece. 
700 1 |a Κουρλιούρος, Ηλίας.  |4 ths 
710 2 |a Πανεπιστήμιο Αιγαίου.   |b Σχολή Κοινωνικών Επιστημών.   |b Τμήμα Γεωγραφίας. 
852 |a INST  |b LESVOS  |c DIATR  |e 20051118  |h 111  |p 005100033284  |q 005100033284  |t DIE  |y 23 
852 |a INST  |b LESVOS  |c DIATR  |e 20051118  |h 112  |p 005100033285  |q 005100033285  |t DIE  |y 23 
901 |a BIBL1-2005-3 
909 |a Λ  |b 100780 
909 |a Λ  |b 100781 
924 |a ΞΗΡΟΥΧΑΚΗΣ  |b ΠΑΝΑΓΙΩΤΗΣ  |y ΛΕΣΒΟΣ  |z 2002-02 
970 |a ΜΑΡΙΝΑΤΟΥ  |b ΜΥΡΣΙΝΗ  |z 2005/11/18